000 00472nam a22001337a 4500
008 190601b xxu||||| |||| 00| 0 eng d
020 _a977998515
082 _a750
_bES74j
100 _aEscámez Carrasco, Julio
_97061
245 _aJulio Escámez: pintura, dibujo y grabados
260 _aSan José, Costa Rica
_bNuestra Tierra
_c1996
300 _a184 p.
_bil (col).
_c27 x 30 cm.
650 _2Arte contemporáneo
_vArte - exhibiciones
_xArte - pintura
_zArte - Costa Rica
_97062
999 _c1797
_d1797